Countries A-Z Most Successful in FIFA World Cup - Statistics

General Stats
  • This quiz has been taken 197 times
  • The average score is 21 of 24
Answer Stats
Letter Points Country % Correct
B 247 Brazil
99%
A 158 Argentina
98%
F 131 France
96%
G 233 Germany
95%
U 158 United Kingdom
95%
D 33 Denmark
93%
I 156 Italy
92%
Q 0 Qatar
92%
S 110 Spain
90%
J 27 Japan
89%
O (Q 1990) Oman
89%
Y (Q 1986) Yemen
89%
R 67 Russia
88%
Z (Q 1970) Zambia, Zimbabwe
88%
P 57 Portugal
87%
H 48 Hungary
84%
V (Q 1966) Venezuela
84%
N 104 Netherlands
82%
M 66 Mexico
80%
T 16 Turkey
79%
L (Q 1934) Lithuania, Luxembourg
72%
C 47 Croatia
69%
E 17 Ecuador
67%
K 1 Kuwait
63%
No matching quizzes found
Score Distribution
Percent of People with Each Score
Percentile by Number Answered
Your Score History
You have not taken this quiz